00440nam a2200145Ia 4500003000400000008004100004040001600045082001600061100002500077245011100102260004200213300001000255650001200265650001700277GCL140319s9999 xx 000 0 eng d aGCL / cGCL04a738.09bG L1 aGALGER - SMITH, ALAN10aLUSTRE POTTERY: TECHNQUE, TRADITION AND INNOVATION IN ISLAM AND THE WESTERN WORLD / cGALGER - SMITH, ALAN a[S.N] : bTHE HERBERT PRESS ، c1990 a246 P04aPOTTERY04aISLAM - ARTS